Представление документа в формате MARC21

Поле Инд. ПП Название Значение
Тип записи a
Библиографический уровень m
001 Контрольный номер RU/IS/BASE/263562534
005 Дата корректировки 20250529171547.1
008 Кодируемые данные 19950622
020 00 a ISBN 5-02-028023-2
040 00 e Правила каталог. Л 950622
084 a Индекс другой классификации/Индекс ББК 84(2=411.2)6; 84(2=411.2)6-49; 84(2=411.2)6-5
090 00 a Полочн. индекс 84(2=411.2)6
x Авторский знак М 231
097 00 a 300
100 10 a Автор Мандельштам О. Э.
d Даты 1891-1938
q Полное имя Мандельштам Осип Эмильевич
245 00 a Заглавие Камень
c Ответственность составители Л. Я. Гинзбург, А. Г. Мец, С. В. Василенко, Ю. Л. Фрейдин; ответственный редактор С. А. Рейсер
260 00 a Место издания Ленинград
b Издательство Наука. Ленинградское отделение
c Дата издания 1990
300 00 a Объем 400 с.
b Иллюстрации/ тип воспроизводства ил.
336 a Термин вида содержания Текст
337 a Термин типа средства непосредственный
440 _0 a Серия Литературные памятники
504 a Библиография Прил.: с. 261-372. - Алф. указ.: с. 377-380. - Имен. указ.: с. 381-390
505 0_ a Форматированное содержание О собеседнике
505 0_ a Форматированное содержание Франсуа Виллон
505 0_ a Форматированное содержание Утро акмеизма
505 0_ a Форматированное содержание Петр Чаадаев
505 0_ a Форматированное содержание Письма
505 0_ a Форматированное содержание "Камень"
b Автор Гинзбург Л. Я.
505 0_ a Форматированное содержание "Камень"
b Автор Мец А. Г.
650 04 a Основная рубрика художественная литература
653 00 a Ключевые слова XX век
a Ключевые слова Россия
a Ключевые слова русская литература
655 a Жанр/ форма (устаревшее) проза
a Жанр/ форма (устаревшее) поэзия
a Жанр/ форма (устаревшее) стихотворение
a Жанр/ форма (устаревшее) статья
a Жанр/ форма (устаревшее) рецензия
a Жанр/ форма (устаревшее) письма
700 10 a Автор Гинзбург Л. Я.
e Роль лиц составитель
700 10 a Автор Мец А. Г.
e Роль лиц составитель
700 10 a Автор Василенко С. В.
e Роль лиц составитель
700 10 a Автор Фрейдин Ю. Л.
e Роль лиц составитель
700 1_ a Автор Рейсер С. А.
e Роль лиц редактор
901 t Тип документа m
952 a Тип литературы для КСУ ВШ ЛХИ